Statistiques concernant Quizz - Personnages de la série Violetta

Cliquez ici pour prendre le quiz!

Statistiques générales

  • Ce quiz a été pris 358 fois
  • Le résultat moyen est 11 sur 16

Statistiques - réponses

Réponse% Correct
Angie
93%
Olga
93%
Jade
90%
Camila
88%
Nata
87%
Pablo
85%
Andres
76%
Mathias
70%
Roberto
69%
Esmeralda
68%
Ramallo
59%
Napo
56%
Clément
54%
Braco
51%
Gery
39%
Prescila
9%

Distribution des résultats

Percentile par nombre de réponses

% des personnes avec chaque résultat

Votre développement - résultats

Vous n’avez pas pris ce quiz